Исследование кинетических закономерностей процесса экстракции сахаров из гидролизатмассы при гидролизе древесины хлористым водородом; Вопросы комплексной переработки растительного сырья

Dades bibliogràfiques
Parent link:Вопросы комплексной переработки растительного сырья.— 1988.— С. 28-31
Autor principal: Глазкова Э. Л.
Altres autors: Кунина А. И.
Idioma:rus
Publicat: 1988
Col·lecció:Гидролиз растительного сырья
Format: MixedMaterials Capítol de llibre
KOHA link:https://koha.lib.tpu.ru/cgi-bin/koha/opac-detail.pl?biblionumber=197194

MARC

LEADER 00000naa2a2200000 4500
001 197194
005 20231031183338.0
035 |a (RuTPU)RU\TPU\book\215097 
035 |a RU\TPU\book\215096 
090 |a 197194 
100 |a 20110606d1988 k y0rusy50 ca 
101 0 |a rus 
102 |a RU 
200 1 |a Исследование кинетических закономерностей процесса экстракции сахаров из гидролизатмассы при гидролизе древесины хлористым водородом  |f Э. Л. Глазкова, А. И. Кунина 
225 1 |a Гидролиз растительного сырья 
320 |a Библиогр.: с. 31 (4 назв.) 
463 0 |0 (RuTPU)RU\TPU\book\215083  |t Вопросы комплексной переработки растительного сырья  |f Всесоюзный научно-исследовательский институт гидролиза растительных материалов (ВНИИГидролиз) ; отв. ред. Ю. А. Цирлин  |v С. 28-31  |d 1988  |p 129,[1] с.  |s Сборник трудов Всесоюзного научно-исследовательского института гидролиза растительных материалов (ВНИИГидролиз) ; Вып. 37 
700 1 |a Глазкова  |b Э. Л. 
701 1 |a Кунина  |b А. И. 
801 1 |a RU  |b 63413507  |c 20110606 
801 2 |a RU  |b 63413507  |c 20110606  |g RCR 
942 |c BK